[Event "EU-ch 16th"]
[Site "Jerusalem"]
[Date "2015.03.06"]
[Round "10"]
[White "Alekseev, Evgeny V"]
[Black "Marin, Mihail"]
[Result "1-0"]
[WhiteElo "2677"]
[BlackElo "2603"]
[Annotator "Marin,M"]
[PlyCount "97"]
[EventDate "2015.02.24"]
[EventType "swiss"]
[EventRounds "11"]
[EventCountry "ISR"]
[SourceTitle "CBM 166"]
[Source "ChessBase"]
[SourceDate "2015.05.11"]
[SourceVersion "1"]
[SourceVersionDate "2015.05.11"]
[SourceQuality "1"]

1. e4 e6 2. d4 d5 3. Nc3 Bb4 4. e5 b6 5. a3 Bf8 6. Nf3 Ne7 7. Bd3 Ba6 {After
the development of the white bishop, Black has no reason to refrain from this
thematic move.} ({In a game played next to me between two of my team mates
just a few weeks later, Black delayed ...Ba6 for too long:} 7... Qd7 8. b4 c6
9. Rb1 Ba6 10. b5 cxb5 11. Nxb5 Bxb5 12. Bxb5 Nec6 13. a4 a6 14. Bd3 Nb4 15.
Be2 Qc7 16. O-O Nd7 17. Bd2 Nc6 18. Bd3 Be7 19. Qe2 Qa7 20. c4 $16 {Miron,L 
(2486)-Georgescu,T (2477) Calimanesti 2015 (1-0, 30)}) 8. Nb5 $5 {The opening
has barely started yet, but from this moment we both spent big amounts of time
on each move, leading us close to mutual time trouble around move 15!} (8. Bxa6
Nxa6 9. Qd3 Nb8 10. O-O c5 {does not face Black with special problems.}) ({
A critical line is} 8. O-O $5 {avoiding the loss of time.} Bxd3 9. cxd3 Nf5 10.
Ne2 Qd7 11. Bf4 Nc6 12. Rc1 O-O-O 13. Rc3 Kb7 14. Qc2 Rc8 15. Rc1 Nb8 16. b4 {
Brkic,A (2530)-Andreikin,D (2604) Gaziantep 2008 (1-0, 43)}) 8... Nc8 $146 {
While chatting with my team mates about their game quoted above, GM Alin
Berescu approached remarking "Tibi (Georgescu) did not know 8...Nc8." I
thought there was some theory behind it, but when checking again I found out
that he must have referred to my game with Alekseev.} ({Another possible
strategy is giving up the idea of exchanging the bishops with} 8... Qd7 9. Qe2
Bb7 10. a4 Nbc6 11. c3 Na5 $13 {Pruess,D (2408)-Gulko,B (2576) Stillwater 2007
(0-1, 70)}) ({During the game I was not too enthusiastic about} 8... Nf5 9. g4
Ne7) ({and} 8... Ng6 9. h4) 9. O-O ({When playing my previous move, I was
slightly worried by} 9. Ng5 Qd7 10. Qh5 g6 11. Qf3 {, possibly followed by a
sacrifice on f7, but it seems that Black should be doing fine:} Bg7 (11... h6
$2 12. Nxe6 fxe6 13. Bxg6+ Kd8 14. Qf6+ Ne7 15. a4 Rg8 16. Bh7 $18) 12. h4 (12.
Qxf7+ Qxf7 13. Nxf7 Bxb5 $15) 12... h6 13. Qxf7+ Qxf7 14. Nxf7 Kxf7 (14... Bxb5
15. Bxg6 O-O 16. Nxh6+ $16) 15. Nxc7 Bxd3 16. cxd3 Nc6 17. Nxa8 Nxd4 $13) 9...
Qd7 10. Nc3 {Played with the hope that my knight would be misplaced on c8.} ({
I considered the main line to be} 10. Qe2 c6 11. Nc7+ Qxc7 12. Bxa6 Nxa6 13.
Qxa6 b5 14. a4 b4 {with normal play for both sides.}) ({It is not clear
whether White can achieve much with} 10. a4 c6 11. Nc3 (11. Na3 Bxd3 12. Qxd3
a5 13. Bd2 Na6 $132) 11... Bxd3 12. Qxd3 c5 {The advance of the a-pawn has
just created some queenside weaknesses.}) 10... Bxd3 11. Qxd3 c5 12. Ne2 c4 $5
{I decided to prove that the move ...Nc8 was useful by bringing the knight one
step closer to b6. Normally, Black would need to think twice before blocking
the queenside, but in the game he actually is two tempi up due to Nc3-b5-c3.} (
{I rejected} 12... Ne7 {because of} 13. c4 {In my analysis of the line with 8.
Bxa6 quoted above, Black does not waste a tempo with ...Qd7, while here he
faces the danger of staying underdeveloped.}) 13. Qd1 b5 {[%cal Gc8b6]} 14. Ng3
h6 {I was mainly concerned about keeping the dark squares well defended and am
still convinced that my last move is the best way to keep things under control
on the kingside.} (14... g6 15. Bg5 {is annoying.}) ({Castling right under the
fire did not appeal me, either:} 14... Be7 15. Nh5 O-O (15... g6 16. Nf6+ Bxf6
17. exf6 Qd8 18. Bg5 h6 19. Bh4 Nd6 20. Ne5 g5 21. Bg3 $36 {[%csl Ge8]}) 16.
Ng5 g6 17. Qg4 (17. Nf6+ Bxf6 18. exf6 Qd8 {[%csl Gf6]} 19. Qf3 $6 Nd7) 17...
f5 {[%cal Gd7h7]} 18. Qg3 (18. exf6 gxh5) 18... Nc6 (18... gxh5 19. Nxe6+) 19.
Be3 Nb6 20. Nf4 Bxg5 21. Qxg5 {[%cal Gf4h5]} Kh8 22. h4 $36) 15. Nh5 Nc6 16.
Be3 Nb6 17. Qe2 O-O-O $6 {The plan of hiding the king on the queenside is
correct, but the rook belongs on a8.} (17... a5 $5 18. Nh4 (18. b3 a4 19. b4
O-O-O {is safe enough for Black, who can later think of preparing either ...
g7-g6 or ...f7-f6.}) 18... Kd8 19. f4 Be7 20. Nf3 Rg8 21. b3 Kc7 22. Rfb1 a4
23. bxa4 Nxa4 24. Qe1 (24. Rxb5 $2 Nc3) 24... Kb6 $13) 18. b3 Kb8 19. Rfb1 Ka8
{This is the position I had in mind. It is playable for Black despite the
engines' scepticism, but the whole plan is less ambitious and more
time-consuming than that recommended above.} 20. Nd2 {It is not simple for
White to find a way of opening the queenside. His last move increses the
pressure on c4, making the thematic piece sacrifice Nxc4 a threatening
possibility.} (20. a4 bxa4 21. bxa4 (21. bxc4 Nxc4 22. Nd2 N6a5) 21... Qc7 22.
a5 Nd7 23. a6 Rb8 {would allow Black to gradually neutralise White's
initiative. In the long run, the a6-pawn could turn into a weakness.}) 20...
Na5 21. Qe1 Qc6 $6 {This looks like a nice square for the queen, but after
playing the last move I became unhappy that I deprived my knight from a vital
retreat.} (21... Rb8 22. Nf3 ({My worries connected with} 22. Ne4 {were not
justified:} Nxb3 $1 23. cxb3 dxe4 $13) (22. a4 b4 {does not improve White's
queenside position.}) 22... Nc6 23. Bd2 g6 24. Nf6 Qc7 $13) 22. Nf3 Nb7 23. Bd2
({The plan based on} 23. a4 {would have been more effective once the knight
was confined to retreat to the unappealing b7-square:} bxa4 24. bxa4 Rb8 25.
Bd2 $36) 23... Rb8 $6 ({I cannot explain the chosen move order, even though I
was approaching time trouble. A better move would have been} 23... g6 24. Nf6
Be7 {transposing to the game after} 25. Bb4 Bxf6) 24. Bb4 g6 25. Nf6 $6 {
Returning the favour.} (25. Bxf8 $1 Rhxf8 26. Nf6 Rfc8 27. Qd2 h5 28. Ng5 $36)
25... Bg7 26. a4 {My opponent did not find any way to improve his position any
more and decided to start concrete action.} (26. Ng4 $5) 26... bxa4 27. bxa4
Bxf6 {According to a friend of mine who happened to witness this moment of the
game, my opponent displayed surprise when I played this. Suddenly, the
b7-knight gets the d6-square.} 28. exf6 Nd7 29. Be7 (29. Ne5 Nxe5 30. Qxe5 Nd8
{[%cal Gd8c6]} 31. h4 Rb7 32. Bc5 Qc7 33. Qxc7 Rxc7 34. a5 Nc6 $132) 29... Nd6
30. Qa5 (30. Ne5 Nxe5 31. dxe5 Nf5 $132 {Since g2-g4 would weaken the king too
much, Black would get the time to consolidate the knight with ...h6-h5}) 30...
Ne4 (30... Rxb1+ 31. Rxb1 Ne4 $11 {might have been simpler.}) 31. Rb5 Rhc8 (
31... Rb6 $5) 32. Rab1 {Black has considerably activated his position, while
White's queenside pressure is not too threatening.} Rxb5 $6 ({I rejected} 32...
Qc7 $1 {on account of} 33. Qxc7 Rxc7 34. Rxb8+ Nxb8 35. Ne5 {With more time on
the clock, I might have spotted:} Nc6 $1 36. Nxf7 Nxf6 $1 (36... Nxe7 37. fxe7
Rxe7 38. Nxh6 $14) 37. Bxf6 Rxf7 38. Bh8 Rb7 39. Re1 Nb4 40. Rxe6 (40. c3 Nd3
$19 {[%cal Gb1g1,Gb7b3]}) 40... Nxc2 $36 {[%csl Gc4]}) 33. axb5 Qb6 34. Qa3 c3
35. Ra1 {The position has stabilised and I became very optimistic. I knew that
I was out of danger if I just played neutral moves, but I needed two wins in
the final two rounds to reach the qualifying +4 score. In fact, the position
is about equal after my missed chance on move 32.} g5 $36 36. h3 h5 37. g4 hxg4
38. hxg4 e5 $2 {Unwisely forcing matters with little time on the clock. It
would have been more practical to make triangulate with the king and examine
the position after reaching the time control.} (38... Nd2 {looks tempting, but
White can defend:} 39. Nxd2 cxd2 40. Qd3 (40. c3 e5) 40... Qc7 41. Qxd2 Rh8 42.
Ra3 Qh2+ 43. Kf1 Qh1+ (43... Nb6 44. Rxa7+ Kxa7 45. Qa5+ Kb7 46. Qa6+ Kc7 47.
Qa7+ Kc8 48. Qxb6 Qh1+ 49. Ke2 Qe4+ 50. Kd2 Qf4+ 51. Ke2 {The king cannot go
to c3 due to ...Qc7+ exchanging queens.} Qxg4+ 52. Kd2 Qf4+ 53. Ke2 $11 {
White's threats are so strong that Black has to accept the draw by perpetual.})
44. Ke2 Qe4+ 45. Qe3 Qxc2+ 46. Qd2 Qe4+ 47. Qe3 Qxg4+ 48. Kd2 Qf4 49. Qxf4 gxf4
50. Bc5 $132) 39. Qa6 $1 $14 Qxa6 40. Rxa6 Nd2 $2 {Another over-optimistic
move, making things even worse. I had lost objectivity to such an extent that
when I went out to smoke I was telling to myself that I should calm down and
convert my advantage with the maximum of accuracy!! With the cigarette burned
halfway down, I started realising that I might be just lost.} (40... exd4 41.
Nxd4 Ne5 $14 {/+/-}) 41. Nxe5 Nxe5 42. dxe5 Nf3+ 43. Kf1 $1 (43. Kg2 Nxe5 44.
Rd6 Nd3 $1 45. Kf3 Nb4 46. Ke2 $14) 43... Nxe5 {Initially I was relying on the
force of my d- and c-pawns, but overlooked the next move.} 44. Rd6 $18 Nxg4 45.
Rxd5 Rc4 (45... Rg8 {might have prolonged the agony.}) 46. Rxg5 Kb7 47. Kg2 Kb6
48. Kg3 Nh6 49. Bf8 {The knight is trapped :(} 1-0

[Event "Olympiad-42"]
[Site "Baku"]
[Date "2016.09.08"]
[Round "6.4"]
[White "Guliyev, Namig"]
[Black "Marin, Mihail"]
[Result "1-0"]
[WhiteElo "2577"]
[BlackElo "2572"]
[Annotator "Marin,M"]
[PlyCount "61"]
[EventDate "2016.09.02"]
[EventType "team-swiss"]
[EventRounds "11"]
[EventCountry "AZE"]
[SourceTitle "CBM 175"]
[Source "ChessBase"]
[SourceDate "2016.11.10"]
[SourceVersion "1"]
[SourceVersionDate "2016.11.10"]
[SourceQuality "1"]
[WhiteTeam "Azerbaijan II"]
[BlackTeam "Romania"]
[WhiteTeamCountry "AZE"]
[BlackTeamCountry "ROU"]

1. e4 {[%emt 0:03:32] Mihail,Marin} e6 {[%emt 0:00:00]} 2. d4 {[%emt 0:00:04]}
d5 {[%emt 0:00:00]} 3. Nc3 {[%emt 0:00:05]} Bb4 {[%emt 0:00:00]} 4. e5 {
[%emt 0:00:04]} b6 {[%emt 0:00:00] I analysed this old-fashioned variation,
once favoured by Botvinnik, Korchnoi, Petrosian, in my article for CBM 159.} 5.
Qg4 {[%emt 0:00:15]} Bf8 {[%emt 0:00:05]} 6. Bg5 {[%emt 0:00:22]} Qd7 {[%emt 0:
00:11]} 7. O-O-O {[%emt 0:00:15]} h6 {[%emt 0:00:47]} 8. Qh3 $5 {[%emt 0:02:34]
Taking me out of book. I thought it was a novelty but later discovered there
were a few games with it already.} ({In my article I examined only the main
continuation} 8. Be3 {Fernandez Barrera,V-Marin,M Benasque 2012 [Marin] (0-1,
42)}) 8... Ne7 {[%emt 0:17:12] It took me 17 minutes to decide upon the move
order.} ({A few moves later I regretted I didn't play} 8... Ba6 {but without
really making too much out of it, since I did not perceive all the subtleties.
My move seems to be more accurate.} 9. Nge2 $1 {Leaving the a6-bishop somewhat
out of place.} (9. Bxa6 Nxa6 10. f4 Ne7 11. Bxe7 Bxe7 {transposes to a line
given below.}) 9... Nc6 ({The main thing is that} 9... c5 {, which is the
thematic continuation, fails to bother White by just one tempo, wasted on ...
Bc8-a6.} 10. Be3 {[%cal Gg2g4,Gf2f4]} c4 11. f4 Ne7 12. g4 b5 13. Ng3 b4 14.
Nce2 {White has regrouped harmoniously and his attack looks more realistic
than Black's:} Nbc6 15. f5 O-O-O 16. Nf4 $36) 10. g4 g6 11. Be3 Bg7 12. f4 Nge7
13. Ng3 Bxf1 14. Rhxf1 f6 15. f5 {Zuttioni,F (2145)-Tratar,M (2479) Trieste
2015 (0-1, 43), with some initiative.}) (8... Nc6 9. f4 Bb7 {is solid but a
bit passive. In an old game Black was well off coming out of the opening,
though:} 10. Nf3 Nge7 {[%csl Rf4,Gh8][%cal Ge7g6,Yh6g5]} 11. Bxe7 Bxe7 12. Qg3
Bf8 13. h4 h5 14. Ng5 g6 15. Qh3 O-O-O 16. g4 hxg4 17. Qxg4 Rh6 18. Bb5 Bb4 19.
Ne2 Rdh8 $13 {Vitolinsh,A (2470)-Moskovich,M Riga 1982 (1-0, 51)}) 9. Bxe7 {
[%emt 0:07:37]} ({The plan based on} 9. Nge2 {fails by one tempo now:} c5 10.
Be3 c4 11. f4 b5 $36 {and there is no time for g2-g4, Ng3 and Nce2.}) (9. f4
Ng6 $1 {[%csl Gh8][%cal Gh6g5]} 10. Bh4 Nxf4) 9... Bxe7 {[%emt 0:00:08]} 10. f4
{[%emt 0:00:03]} Ba6 {[%emt 0:06:21]} 11. Nf3 $1 {[%emt 0:05:56] White forces
Black into helping him with speeding up development. But this is not telling
over the general evaluation as we will see.} ({The knight does not stand badly
after} 11. Bxa6 Nxa6 12. Nf3 O-O-O 13. g4 c5 (13... Kb8 {is a bit slow} 14. Kb1
c5 15. f5 Rc8 16. Rhf1 Bg5 17. Qg3 Be3 18. dxc5 Bxc5 19. g5 Nc7 20. fxe6 $14 {
½-½ (20) Arnason,J (2505)-Karlsson,L (2500) Esbjerg 1984} fxe6 21. gxh6 Rxh6
22. Ne4) 14. f5 (14. dxc5 bxc5 $15 {[%csl Yc5,Yd5][%cal Ga6b4,Gb4c6,Gc8b8,
Gb8a8]}) 14... c4 15. Rhf1 b5 $36 {[%csl Re6][%cal Gb5b4,Ga6c7,Gc7b5]}) 11...
Bxf1 {[%emt 0:07:08]} 12. Rhxf1 {[%emt 0:00:06]} Nc6 {[%emt 0:00:04]} ({
Unfortunately} 12... c5 $2 {allows} 13. f5 $1 {[%csl Rd5]} Nc6 14. Qg3 Bf8 15.
fxe6 fxe6 16. dxc5 Bxc5 17. Qg6+ $36) 13. g4 {[%emt 0:01:18]} O-O-O {[%emt 0:
00:12]} 14. f5 $146 {[%emt 0:02:41] An active but also committal plan.} (14.
Qg2 {is the start of a harmonious but slow regouping.} Na5 15. Qe2 Kb8 16. Nd2
Rc8 17. Kb1 c5 (17... h5 $5 18. gxh5 Bb4 {and White cannot keep his h5-pawn
and prevent his queenside structure being spoiled at the same time.}) 18. dxc5
{½-½ (23) Das,S (2204)-Rahman,Z (2548) New Delhi 2010} bxc5 $13) 14... Na5 {
[%emt 0:07:48]} ({After eight minutes I refrained from} 14... h5 $5 {which
looks entirely OK to me now. My main line went} 15. g5 (15. Rg1 g6 $5) (15.
gxh5 exf5 {[%cal Gg7g6]} 16. Qg2 Bf8 17. Ne2 Rxh5 18. Nf4 Rh6 $13) (15. fxe6
Qxe6 16. Rg1 f6 $15) 15... exf5 16. g6 $1 fxg6 17. Rg1 Rh6 18. Ne2 {and now I
didn't find} f4 $5 19. Nxf4 (19. Qxd7+ $2 Kxd7 20. Nxf4 $2 Rf8 {[%csl Rf3,Rf4]}
) 19... Qxh3 20. Nxh3 Rf8 21. Nfg5 Nd8 22. Rdf1 Rxf1+ 23. Rxf1 Kd7 24. Kd2 Rh8
{White has compensation for the pawn but not more.}) 15. Kb1 {[%emt 0:03:37]}
c5 {[%emt 0:03:27]} 16. Qh5 {[%emt 0:08:25]} Rhf8 {[%emt 0:03:41]} 17. b3 {
[%emt 0:10:13]} ({If} 17. Ne2 Nc4 {the threat ...Ne3 would be annoying. For
instance after} 18. Rd3 $2 Qb5 19. b3 (19. Rb3 Nd2+ $1 20. Nxd2 Qxe2 $19 {
[%csl Rd2,Rf1,Yh5]}) 19... Na3+ 20. Kc1 c4 21. Re3 {[%csl Ge2]} (21. Rd2 cxb3
22. axb3 Kb7 $19 {[%cal Gd8c8]}) 21... cxb3 22. axb3 Kb8 $40 {[%cal Gd8c8]})
17... Nc6 {[%emt 0:01:11]} 18. Ne2 {[%emt 0:00:44]} Kb8 $6 {[%emt 0:08:08]} ({
The only alternative I considered to this somewhat passive move was} 18... cxd4
19. Nexd4 Nxd4 20. Nxd4 Bc5 21. f6 gxf6 22. Rxf6 Bxd4 23. Rxd4 Qc7 {followed
by ...Kc8, ...Rc8, ...Qc3 with reasonable counterplay. I eventually decided to
start with the king move, missing White's simple plan.}) ({Curiously, I did
not calculate} 18... c4 $1 {which I actually saw in a flash:} 19. fxe6 (19.
bxc4 Na5 $1 $15) (19. f6 gxf6 20. exf6 Bxf6 21. Qxh6 Be7 $132) (19. Nf4 Kb7 {
[%csl Rf4][%cal Gf5e6,Gf7e6] and White is stuck with his kingside play.}) 19...
fxe6 20. Qg6 Ba3 $1 $132 {This is the point. Unlike in the game, the bishop
has a perfect way of clearing the seventh rank. Suddenly, it is mainly Black
who benefits from the opening of the f-file since Nf4 is not possible and the
f3-knight is slightly hanging, too.}) 19. fxe6 {[%emt 0:01:15]} fxe6 {[%emt 0:
05:46]} 20. Qg6 {[%emt 0:00:07]} cxd4 $4 {[%emt 0:10:40] But this is a
horrible case of blindness. Amusingly, I spent more than ten minutes on this
move.} ({True, spotting the merits of the engines' suggestion} 20... Qc8 $3 {
is anything but easy.} 21. Qxg7 Rg8 22. Qxh6 Rxg4 $44 {The main point behind
the curious queen retreat is revealed after} 23. Qh3 Re4 24. Ng3 $6 Re3 (24...
cxd4 $5 25. Nxe4 dxe4 $44) 25. Qh6 cxd4 26. Nxd4 Nxd4 $1 27. Rxd4 (27. Qxe3
Qxc2+ 28. Ka1 Qxd1+ 29. Rxd1 Nc2+) 27... Qc3 $19 {[%cal Ge7a3]}) ({But even now
} 20... c4 {remained a reasonable continuation.} 21. Qxg7 h5 22. gxh5 (22. g5
Rh8 $1 {Threatening ...Rdg8 with perpetual pursuing of the queen.} 23. c3 cxb3
24. axb3 Na5 25. Nd2 Rdg8 26. Qf7 Rf8 27. Qg6 Rfg8 $11 28. Qc2 Bxg5 $15 {
[%csl Gb3,Gc4,Gd2]}) 22... Rg8 23. Qh6 Rh8 24. Qe3 Rxh5 $14) 21. Nexd4 {
[%emt 0:01:48] Somehow I hadn't noticed that I was going to lose the e6-pawn.}
Nxd4 {[%emt 0:00:53]} 22. Nxd4 {[%emt 0:00:10]} Rde8 {[%emt 0:13:06]} 23. Nxe6
{[%emt 0:07:10]} Rxf1 {[%emt 0:00:15]} 24. Rxf1 {[%emt 0:00:13]} Qb5 {[%emt 0:
02:01]} 25. Rd1 {[%emt 0:12:56]} Ba3 {[%emt 0:02:06]} 26. c4 {[%emt 0:07:29]}
Qd7 {[%emt 0:00:42]} (26... dxc4 27. Nd4 Qd7 28. Nc6+) 27. cxd5 {[%emt 0:00:47]
} Rc8 {[%emt 0:00:03]} 28. Qe4 {[%emt 0:00:54]} Qf7 {[%emt 0:08:12]} 29. Nd4 {
[%emt 0:01:14]} Qf2 {[%emt 0:00:06]} 30. Nc2 {[%emt 0:00:26]} Bc5 {[%emt 0:01:
13]} 31. d6 {[%emt 0:00:20]} 1-0